| 000 | 00589nam a2200193Ia 4500 | ||
|---|---|---|---|
| 005 | 20250508154305.0 | ||
| 008 | 008 250505s9999 xx 000 0 eng d | ||
| 037 | _aTextual | ||
| 040 |
_aFEDL _beng _cFEDL |
||
| 041 |
_aeng _2eng |
||
| 084 |
_a370.15, RIP _qFEDL |
||
| 100 |
_aRipple Richard E. _985233 |
||
| 245 | 0 | _aReadings in learning and human abilities : Educational psychology | |
| 260 |
_aNew York, USA _bHarper and Row Publishers _c1964 |
||
| 300 | _axiii,596p | ||
| 650 | _aEducation - Psychology | ||
| 942 |
_cTEXL _h370.15, RIP |
||
| 999 |
_c1349398 _d1349398 |
||